91 berühmte Tiere mit Namen - Statistiken

Allgemein
  • Dieses Quiz wurde 120 mal gespielt
  • Das Durchschnittsergebnis liegt bei 17 aus 91
Antwortstatistiken
Lebzeiten/ Hinweis Tier Name % Korrekt
fiktional (Disney) Clownfisch Nemo
91%
fiktional(Dschungelbuch) Bär Balu /Baloo
85%
fiktional (Kinderbuch) Biene Maja
83%
fiktional(Film, Serie, Roman) Langhaarcollie Lassie
69%
fiktional (Kinderbuch) Grashüpfer Flip
68%
fiktional (Pippi L.) Schimmel Kleiner Onkel
65%
TV - Serie Delfin Flipper
62%
fiktional(Dschungelbuch) Python Kaa
56%
fiktional(Dschungelbuch) schwarzer Panther Bagheera
55%
fiktional (Pippi L.) Totenkopfäffchen Herr Nilsson
55%
2006 - 2011 Eisbär Knut
55%
fiktional (Disney) Doktorfisch Dorie
53%
1976 - 2003 Orca / Schwertwal Willy / Keiko
52%
fiktional (Kinderbuch) Biene Willy
51%
fiktional(Dschungelbuch) Tiger Shir Khan
38%
fiktional (Roman) schwarzer Hengst Black Beauty
36%
fiktional (Roman) Wal Moby Dick
36%
2004 - 2006 Braunbär Bruno
34%
Mythologie Holzpferd Trojanisches Pferd
34%
fiktional (Lucky Luke) Hund Rantanplan
32%
fiktional (Kinderbuch) Spinne Thekla
31%
fiktional (Kinderbuch) Stubenfliege Puck
30%
1996 - 2003 wallis. Bergschaf Dolly
28%
fiktional (Lucky Luke) Pferd Jolly Jumper
28%
1943 -1961 Brieftaube G. I. Joe
27%
fiktional (Tarzan) Schimpanse Cheeta
26%
fiktional (Disney) Clownfisch Marlin
26%
Mythologie Pferd Pegasus
24%
TV - Serie (Daktari) Löwe Clarence
23%
1940 - 1952 Spatz Clarence
23%
1976 - 2003 Walross Antje
22%
fiktional (Roman) Pferd Fury
22%
fiktional (Disney) Pelikan Niels
22%
2008 - 2010 Krake Paul
21%
fiktional (Don Quijote) Pferd Rosinante
18%
ca. 1965(TV - Serie "Daktari") Schimpanse Judy
16%
fiktional (Momo) Schildkröte Kassiopeia
15%
fiktional (Loriot) Elefant Wendelin
14%
fiktional (Loriot) Hund Wum
14%
fiktional (TV - Serie) Pferd Mr. Ed
13%
1912 - 2012 Schildkröte Lonesome George
12%
fiktional (Disney) weißer Hai Bruce
11%
fiktional (Farm der Tiere) Schwein Napoleon
10%
fiktional (Farm der Tiere) Esel Benjamin
9%
1934 - 1945 Dt. Schäferhund Blondi
9%
fiktional (Gänsemagd) Pferd Falada
9%
1954 - 1957 Hund Leika
9%
- Rhesusaffe Miss Able
9%
1918 - 1932 Dt. Schäferhund Rin Tin Tin
9%
fiktional (Kinderbuch) Regenwurm Max
8%
fiktional (Winnetou) Pferd Hatatitla
7%
fiktional (Winnetou) Mustang Iltschi
7%
fiktional (Kinderbuch) Mistkäfer Kurt
7%
fiktional (Karl May) Arab. Vollblut Pferd Rih
7%
fiktional (Farm der Tiere) Pferd Boxer
6%
fiktional (Herr d. Ringe) Pferd Schattenfell
6%
* 2007 Eisbär Flocke
5%
1896 - 1916 Pferd Kluger Hans
5%
1860 - 1885 Elefant Jumbo
4%
fiktional (Farm der Tiere) Schwein Snowball
4%
fiktional (Disney) Schildkröte Crush
3%
1945 - 1979 Pferd Halla
3%
fiktional (Farm der Tiere) Pferd Mollie
3%
Mythologie (Odin) Pferd Sleipnir
3%
1946 - 1989 Elefant Tuffi
3%
355 - 326 v. Chr. Pferd Bukephalos
2%
1792 - 1828 Schimmel Marengo
2%
*1967 (Pippi L.) Ara Rosalinda
2%
fiktional (Farm der Tiere) Ferkel Rotäuglein
2%
✝ 1919 Brieftaube Cher Ami
1%
fiktional (Farm der Tiere) Pferd Kleeblatt
1%
1984 - 1998 Wildschwein Luise
1%
fiktional (Farm der Tiere) Rabe Moses
1%
fiktional (Farm der Tiere) Ziege Muriel
1%
1750 - 2006 Riesenschildkröte Adweita
0%
✝ 1870 Elefant Castor
0%
1862 - 1891 Kavalleriepferd Comanche
0%
1854 - 1864 Schimpanse Congo
0%
1956 - 1983 Schimpanse Ham
0%
1830 - 2006 Galapagos - Schildkröte Harriet
0%
1943 - 1988 Flusspferd Knautschke
0%
fiktional(Dschungelbuch) weiße Robbe Kotick
0%
1945 - 1947 Hahn Mike
0%
- Totenkopfäffchen Miss Baker
0%
✝ 1870 Elefant Pollux
0%
Begleiter Mohammeds Kamel Qaswa
0%
fiktional (Kinderbuch) Libelle Schnuck
0%
fiktional (Farm der Tiere) Schwein Schwatzwutz
0%
1930 - 1979 Krokodil Sweetheart
0%
1934 - 1965 Pferd Trigger
0%
1942 - 1963 Braunbär Wojtek
0%
Keine übereinstimmenden Quizze gefunden
Verteilung der Resultate
Anzahl Personen mit jedem Resultat
Perzentil nach korrekt beantworteten Fragen
Ihre Resultats-Entwicklung
Sie haben dieses Quiz noch nicht gespielt